000
00207nam a22001097a 4500
082
_a
001
_b
RAT/W
245
_a
WE LOVE BAPU
260
_b
RATNASAGAR
300
_a
72
650
_a
REFRENCE
_z
KERALA
942
_c
BK
999
_c
1846
_d
1846